[Event "Geneve"]
[Site "Geneve"]
[Date "1977.??.??"]
[Round "1"]
[White "Sigurjonsson, Gudmundur"]
[Black "Olafsson, Fridrik"]
[Result "1/2-1/2"]
[WhiteElo "2520"]
[BlackElo "2560"]

1.e4 e5 2.Nf3 Nc6 3.Bb5 Nf6 4.O-O Nxe4 5.d4 a6 6.Ba4 b5 7.Bb3 d5 8.dxe5 Be6
9.Qe2 Be7 10.Rd1 O-O 11.c4 bxc4 12.Bxc4 Qd7 13.Nc3 Nxc3 14.bxc3 f6 15.exf6 Bxf6
16.Bg5 Kh8 17.Bxf6 Rxf6 18.Ng5 Na5 19.Bxa6 Bg4 20.f3 Rfxa6 21.fxg4 h6 22.Nf3 Nb3
23.Rab1 Rxa2 24.Rb2 Rxb2 25.Qxb2 Nc5  1/2-1/2

[Event "Geneve"]
[Site "Geneve"]
[Date "1977.??.??"]
[Round "1"]
[White "Torre, Eugenio"]
[Black "Ivkov, Borislav"]
[Result "1/2-1/2"]
[WhiteElo "2550"]
[BlackElo "2510"]

1.e4 e5 2.Nf3 Nc6 3.Bb5 a6 4.Ba4 Nf6 5.O-O Be7 6.Re1 b5 7.Bb3 d6 8.c3 O-O
9.h3 Nd7 10.d4 Bf6 11.a4 Na5 12.Bc2 Nb6 13.axb5 axb5 14.b4 Nac4 15.Rxa8 Nxa8
16.Nbd2 Nab6 17.Nxc4 Nxc4 18.Bd3 c6 19.Bxc4 bxc4 20.Be3 Ba6 21.Qd2 Bb5 22.Rd1 Re8
23.dxe5 dxe5 24.Qc1 Qe7 25.Bc5 Qb7 26.Qe3 Qc8 27.Rd6 Be7 28.Rd2 Bf6 29.Bd6 h6
30.Qc5 Qe6 31.Ra2 g6 32.Ra7 Bg7 33.Be7 f5 34.Nd2 h5 35.Nf3 fxe4 36.Ng5 Qd5
37.Qb6 e3 38.Qxe3 Qd3 39.Qb6 Qxc3 40.Qc7 Qc1+  1/2-1/2

[Event "Geneve"]
[Site "Geneve"]
[Date "1977.??.??"]
[Round "1"]
[White "Westerinen, Heikki MJ"]
[Black "Larsen, Bent"]
[Result "0-1"]
[WhiteElo "2430"]
[BlackElo "2615"]

1.e4 b6 2.d4 Bb7 3.Bd3 e6 4.Nf3 c5 5.O-O cxd4 6.Nxd4 Nc6 7.Nxc6 Bxc6 8.Nc3 Bc5
9.Qe2 Ne7 10.Be3 O-O 11.Rad1 Qc7 12.Bxc5 bxc5 13.Qe3 Qa5 14.e5 Ng6 15.Be4 Nxe5
16.Bxh7+ Kxh7 17.Qxe5 Qb4 18.Rd3 f5 19.Rb1 Rac8 20.a3 Qb8 21.Qxc5 Bxg2 22.Qe7 Bc6
23.Re1 Qf4 24.Rg3 Qh6 25.b4 f4 26.Rg4 Rf6 27.Re5 Rg6 28.Rxg6 Qxg6+ 29.Rg5 Qh6
30.h4 Bf3 31.Rc5 Rxc5 32.bxc5 Qg6+ 33.Qg5 Qxc2  0-1

[Event "Geneve"]
[Site "Geneve"]
[Date "1977.??.??"]
[Round "1"]
[White "Liberzon, Vladimir M"]
[Black "Byrne, Robert E"]
[Result "1/2-1/2"]
[WhiteElo "2550"]
[BlackElo "2580"]

1.e4 c5 2.Nf3 d6 3.d4 cxd4 4.Nxd4 Nf6 5.Nc3 a6 6.Bg5 e6 7.f4 Qb6 8.Nb3 Be7
9.Qf3 Nbd7 10.O-O-O Qc7 11.f5 b5 12.Bxf6 Nxf6 13.fxe6 fxe6 14.e5 Bb7 15.Qh3 dxe5
16.Qxe6 Bc8 17.Nd5 Nxd5 18.Qxd5 Bb7 19.Qe6 Bc8 20.Qd5 Bb7  1/2-1/2

[Event "Geneve"]
[Site "Geneve"]
[Date "1977.??.??"]
[Round "1"]
[White "Dzindzichashvili, Roman"]
[Black "Sosonko, Gennadi"]
[Result "1/2-1/2"]
[WhiteElo "2535"]
[BlackElo "2530"]

1.g3 Nf6 2.Bg2 g6 3.c4 Bg7 4.Nf3 d5 5.d4 dxc4 6.Na3 c5 7.O-O cxd4 8.Nxd4 Nbd7
9.Nxc4 O-O 10.a4 Ng4 11.e3 Nge5 12.Nxe5 Nxe5 13.Qb3 Nc6 14.Nxc6 bxc6 15.Qc2 Rb8
16.Rb1 Bf5 17.e4 Be6 18.Qxc6 Rc8 19.Qb7 Bc4 20.Re1 Rb8 21.Qc6 Rc8 22.Qb7 Rb8  1/2-1/2

[Event "Geneve"]
[Site "Geneve"]
[Date "1977.??.??"]
[Round "1"]
[White "Pachman, Ludek"]
[Black "Andersson, Ulf"]
[Result "1-0"]
[WhiteElo "2485"]
[BlackElo "2565"]

1.e4 c6 2.d4 d5 3.exd5 cxd5 4.c4 Nf6 5.Nc3 g6 6.Bg5 Bg7 7.Nf3 O-O 8.Bxf6 Bxf6
9.Nxd5 Bg7 10.Nc3 Bg4 11.Be2 Nc6 12.d5 Bxf3 13.Bxf3 Na5 14.Be2 Rc8 15.Qa4 Bxc3+
16.bxc3 Rc5 17.O-O Qc7 18.Rab1 b6 19.Rb5 Rc8 20.Rxc5 Qxc5 21.g3 Kf8 22.Rd1 Qd6
23.Rd4 Rc7 24.Bf1 Kg7 25.h4 h5 26.Rf4 Qd7 27.Qd1 Nb7 28.Qd4+ Kg8 29.g4 hxg4
30.Rxg4 Qf5 31.Bd3 Qf6 32.Qxf6 exf6 33.h5 Nd6 34.hxg6 f5 35.gxf7+ Kxf7 36.Rh4 Kg6
37.Rd4 b5 38.cxb5 Rxc3 39.a4 Kf6 40.f4 Ra3 41.Kf2 Ke7 42.Ke3 Kd7 43.Kd2 Kc7
44.Kc2 Ra1 45.Kb2 Rd1 46.Kc3 Rc1+ 47.Bc2 Rf1 48.Kb3 Kb6 49.Rd3 Ne4 50.Kb4 Rxf4
51.Rd4 Nf6 52.a5+ Kb7 53.Kc4 Rf2 54.Ba4 Ra2 55.Kb3 Rg2 56.d6 Kc8 57.b6 axb6
58.a6 b5 59.Bxb5  1-0

[Event "Geneve"]
[Site "Geneve"]
[Date "1977.??.??"]
[Round "2"]
[White "Olafsson, Fridrik"]
[Black "Pachman, Ludek"]
[Result "1/2-1/2"]
[WhiteElo "2560"]
[BlackElo "2485"]

1.c4 Nf6 2.Nf3 e6 3.Nc3 d5 4.d4 c5 5.cxd5 Nxd5 6.e3 Nc6 7.Bd3 Be7 8.O-O O-O
9.a3 cxd4 10.exd4 Bd7 11.Bc2 Rc8 12.Qd3 g6 13.Bh6 Re8 14.Bb3 Nxc3 15.bxc3 Na5
16.Ba2 Bxa3 17.d5 Bb2 18.Rad1 Bxc3 19.Ng5 Bf6 20.dxe6  1/2-1/2

[Event "Geneve"]
[Site "Geneve"]
[Date "1977.??.??"]
[Round "2"]
[White "Byrne, Robert E"]
[Black "Sigurjonsson, Gudmundur"]
[Result "1/2-1/2"]
[WhiteElo "2580"]
[BlackElo "2520"]

1.e4 g6 2.d4 Bg7 3.Nc3 d6 4.Nf3 Nf6 5.Be2 O-O 6.O-O Bg4 7.Bg5 Nc6 8.Qd2 Nd7
9.Nd5 Nf6 10.Nxf6+ exf6 11.Be3 f5 12.h3 Bxf3 13.Bxf3 f4 14.Bxf4 Nxd4 15.Bd1 Ne6
16.Be3 Bxb2 17.Rb1 Qf6 18.Qb4 Bd4 19.Bxd4 Nxd4 20.Qxb7 Qe7 21.Qd5 Ne6 22.Rb3  1/2-1/2

[Event "Geneve"]
[Site "Geneve"]
[Date "1977.??.??"]
[Round "2"]
[White "Andersson, Ulf"]
[Black "Torre, Eugenio"]
[Result "1-0"]
[WhiteElo "2565"]
[BlackElo "2550"]

1.c4 d6 2.Nc3 Nf6 3.g3 e5 4.Bg2 c6 5.Nf3 Nbd7 6.O-O Be7 7.d4 O-O 8.c5 exd4
9.cxd6 dxc3 10.dxe7 Qxe7 11.bxc3 Nb6 12.Nd4 c5 13.Nb5 Rd8 14.Qc2 Be6 15.Bg5 Bc4
16.a4 Bd5 17.e4 Bc6 18.Rfe1 a6 19.Na3 h6 20.Bxf6 Qxf6 21.a5 Nd7 22.f4 Qe6
23.Qa2 Qxa2 24.Rxa2 Nf6 25.e5 Bxg2 26.Kxg2 Nd5 27.Rc2 b5 28.axb6 Nxb6 29.Rb1 Nd5
30.Kf3 Rab8 31.Rxb8 Rxb8 32.Ke4 Nc7 33.Nc4 Rb3 34.Na5 Ra3 35.Nb7 Nb5 36.Kd3 Nd4
37.Rb2 Nb5 38.Rc2 Nd4 39.Rc1 Nb3 40.Rd1 Ra4 41.Kc2 c4 42.Kb2 Kf8 43.f5 Ke7
44.Nd8 Kf8 45.Nc6 g6 46.f6  1-0

[Event "Geneve"]
[Site "Geneve"]
[Date "1977.??.??"]
[Round "2"]
[White "Westerinen, Heikki MJ"]
[Black "Liberzon, Vladimir M"]
[Result "1/2-1/2"]
[WhiteElo "2430"]
[BlackElo "2550"]

1.e4 c5 2.Nf3 Nc6 3.d4 cxd4 4.Nxd4 e6 5.Nb5 d6 6.c4 Nf6 7.N1c3 a6 8.Na3 Be7
9.Be2 O-O 10.O-O b6 11.Be3 Bb7 12.Qb3 Nd7 13.Rfd1 Nc5 14.Qc2 Bf6 15.Rac1 Be5
16.Nab1 Qh4 17.g3 Qf6 18.f4 Bd4 19.Qd2 e5 20.Nd5 Qd8 21.Nbc3 Bxe3+ 22.Qxe3 exf4
23.gxf4 Re8 24.b4 Nd7 25.Bf3 Re6 26.a3 Ne7 27.Qf2 Rc8 28.Ne2 Nxd5 29.cxd5 Re8
30.Nd4 Qf6 31.Bg2 Nf8 32.Nc6 Ng6 33.Rf1 b5  1/2-1/2

[Event "Geneve"]
[Site "Geneve"]
[Date "1977.??.??"]
[Round "2"]
[White "Ivkov, Borislav"]
[Black "Hug, Werner"]
[Result "1/2-1/2"]
[WhiteElo "2510"]
[BlackElo "2445"]

1.Nf3 Nf6 2.c4 g6 3.Nc3 Bg7 4.e4 d6 5.d4 O-O 6.Be2 Bg4 7.Be3 Nfd7 8.Rc1 e5
9.d5 a5 10.h3 Bxf3 11.Bxf3 Na6 12.h4 f5 13.h5 Nac5 14.hxg6 hxg6 15.Qc2 f4
16.Bxc5 Nxc5 17.Na4 Kf7 18.Nxc5 dxc5 19.Qb3 Qd6 20.Qa4 b6 21.Bg4 Rh8 22.Ke2 Bf6
23.Be6+ Kg7 24.Rh3 Rxh3 25.gxh3 f3+ 26.Kxf3 Rf8 27.Ke2 Bh4 28.f3 Bg5 29.Rg1 Kf6
30.Rg4 Rh8 31.Qd1 Rh4 32.Qe1 Rxg4 33.fxg4 Kg7 34.h4 Bf4 35.Kd1 Qf8 36.Kc2 Bh2
37.Kb3 Qf3+ 38.Ka4 Bg3 39.Qc3 Qxe4 40.Kb5 Bxh4 41.Kc6 Qf4 42.Kxc7 Bf6 43.Kc6  1/2-1/2

[Event "Geneve"]
[Site "Geneve"]
[Date "1977.??.??"]
[Round "3"]
[White "Sigurjonsson, Gudmundur"]
[Black "Westerinen, Heikki MJ"]
[Result "1-0"]
[WhiteElo "2520"]
[BlackElo "2430"]

1.e4 g6 2.d4 Bg7 3.Nc3 d6 4.f4 Nf6 5.Nf3 c5 6.Bb5+ Bd7 7.e5 Ng4 8.h3 cxd4
9.Qxd4 Nh6 10.Bd2 Bxb5 11.Nxb5 Nc6 12.Qf2 dxe5 13.fxe5 a6 14.Nc3 Nf5 15.O-O-O Nxe5
16.Bf4 Nd7 17.g4 Nd6 18.Bxd6 exd6 19.Rxd6 Qc7 20.Re1+ Kf8 21.Ng5 Nc5 22.Rd5  1-0

[Event "Geneve"]
[Site "Geneve"]
[Date "1977.??.??"]
[Round "3"]
[White "Torre, Eugenio"]
[Black "Olafsson, Fridrik"]
[Result "1-0"]
[WhiteElo "2550"]
[BlackElo "2560"]

1.e4 c5 2.Nf3 e6 3.d3 b6 4.g3 Bb7 5.Bg2 d6 6.O-O Be7 7.Re1 Nf6 8.Nbd2 O-O
9.c3 Qc7 10.b3 Nc6 11.Bb2 b5 12.a3 d5 13.e5 Nd7 14.Qe2 a5 15.h4 b4 16.cxb4 axb4
17.a4 Ba6 18.Rac1 Qa7 19.Qe3 Bd8 20.Ng5 Nd4 21.Bf1 Bb6 22.Bxd4 cxd4 23.Qf3 h6
24.Nh3 Rac8 25.Rxc8 Rxc8 26.Qg4 Qb8 27.Nf3 Rc3 28.Nf4 Nc5 29.a5 Ba7 30.Rd1 Qf8
31.Nxd4 Nxb3 32.Nxb3 Rxb3 33.Nh5 Rb2 34.d4 Bxf1 35.Kxf1 b3 36.Rd3 Rb1+ 37.Kg2 g6
38.Nf6+ Kh8 39.Qf4 Kg7 40.Ng4 Kh7 41.Rc3  1-0

[Event "Geneve"]
[Site "Geneve"]
[Date "1977.??.??"]
[Round "3"]
[White "Dzindzichashvili, Roman"]
[Black "Ivkov, Borislav"]
[Result "1/2-1/2"]
[WhiteElo "2535"]
[BlackElo "2510"]

1.d4 Nf6 2.c4 e6 3.Nf3 d5 4.Nc3 Bb4 5.cxd5 exd5 6.Bg5 h6 7.Bxf6 Qxf6 8.Qa4+ Nc6
9.e3 O-O 10.Be2 Be6 11.O-O a6 12.Rfc1 Bd6 13.Qd1 Rfd8 14.Na4 Ne7 15.Nc5 Bxc5
16.Rxc5 c6 17.b4 Bg4 18.Ne5 Bxe2 19.Qxe2 Nf5 20.Qf3 Qe6 21.Qg4 Re8  1/2-1/2

[Event "Geneve"]
[Site "Geneve"]
[Date "1977.??.??"]
[Round "3"]
[White "Hug, Werner"]
[Black "Andersson, Ulf"]
[Result "1/2-1/2"]
[WhiteElo "2445"]
[BlackElo "2565"]

1.e4 c5 2.Nf3 e6 3.d3 Nc6 4.g3 Nf6 5.Bg2 Be7 6.O-O O-O 7.Re1 b5 8.e5 Ne8
9.d4 Bb7 10.dxc5 Bxc5 11.Nc3 a6 12.Ne4 Be7 13.Bf4 Nb4 14.Qd2 Nd5 15.Rad1 Rc8
16.c3 d6 17.exd6 Nxd6 18.Nxd6 Bxd6 19.Bxd6 Qxd6 20.Qd3 h6 21.Ne5 Qc7 22.Qe2 Rfd8
23.Rd4 Nf6 24.Red1 Rxd4 25.Rxd4 Bxg2 26.Kxg2 Rd8 27.Rxd8+ Qxd8 28.c4 bxc4
29.Qxc4 Qb8 30.Qd4 Nd5 31.Kg1 a5 32.Nd3 Qb5  1/2-1/2

[Event "Geneve"]
[Site "Geneve"]
[Date "1977.??.??"]
[Round "3"]
[White "Liberzon, Vladimir M"]
[Black "Larsen, Bent"]
[Result "1/2-1/2"]
[WhiteElo "2550"]
[BlackElo "2615"]

1.e4 b6 2.d4 Bb7 3.Nc3 e6 4.Bd3 Nf6 5.Nf3 Bb4 6.Bg5 h6 7.Bxf6 Bxc3+ 8.bxc3 Qxf6
9.O-O d6 10.a4 O-O 11.a5 e5 12.Qe2 Nc6 13.a6 Bc8 14.d5 Ne7 15.Nd2 Ng6 16.Qe3 Nf4
17.g3 Qg6 18.Kh1 Bh3 19.Rg1 Nxd3 20.cxd3 h5 21.f4 Qh6 22.Rge1 Bd7 23.fxe5 Qxe3
24.Rxe3 dxe5 25.d4 Rae8 26.Nf3 f6 27.dxe5 fxe5 28.Kg2 Rf6 29.c4 Re7 30.Ng5 Rg6
31.h4 c5 32.Rc3 Rf6 33.Ra2 Bg4 34.Rd3 Bc8 35.Rdd2 g6 36.Nf3 Kf8 37.Rd3 Bg4
38.Ng5 Ke8 39.Rad2 Kd7 40.Ne6 Re8 41.Ng5 Kd6 42.Nh7 Rf7 43.Ng5 Rff8 44.Nh7 Rh8
45.Nf6 Ref8 46.Nxg4 hxg4 47.Rb3  1/2-1/2

[Event "Geneve"]
[Site "Geneve"]
[Date "1977.??.??"]
[Round "3"]
[White "Pachman, Ludek"]
[Black "Byrne, Robert E"]
[Result "1/2-1/2"]
[WhiteElo "2485"]
[BlackElo "2580"]

1.Nf3 Nf6 2.c4 e6 3.d4 d5 4.Nc3 Bb4 5.cxd5 exd5 6.Bg5 h6 7.Bh4 g5 8.Bg3 Ne4
9.Nd2 Nxg3 10.hxg3 c6 11.Qc2 Be6 12.e3 Nd7 13.a3 Bd6 14.Bd3 Qe7 15.e4 dxe4
16.Ncxe4 Nb6 17.Nxd6+ Qxd6 18.O-O-O O-O-O 19.Bf5 Kb8 20.Bxe6  1/2-1/2

[Event "Geneve"]
[Site "Geneve"]
[Date "1977.??.??"]
[Round "4"]
[White "Westerinen, Heikki MJ"]
[Black "Pachman, Ludek"]
[Result "1/2-1/2"]
[WhiteElo "2430"]
[BlackElo "2485"]

1.e4 e5 2.Nf3 Nc6 3.Bb5 Nf6 4.O-O Nxe4 5.d4 Be7 6.Qe2 Nd6 7.Bxc6 bxc6 8.dxe5 Nb7
9.c4 O-O 10.Nc3 f6 11.Re1 fxe5 12.Nxe5 Bf6 13.Qh5 Nc5 14.Bf4 Ne6 15.Bg3 Bxe5
16.Rxe5 d6 17.Re3 Bd7 18.Rae1 Qf6 19.b3 Rae8 20.h3 Qf5  1/2-1/2

[Event "Geneve"]
[Site "Geneve"]
[Date "1977.??.??"]
[Round "4"]
[White "Andersson, Ulf"]
[Black "Dzindzichashvili, Roman"]
[Result "1/2-1/2"]
[WhiteElo "2565"]
[BlackElo "2535"]

1.c4 Nf6 2.Nf3 c5 3.Nc3 Nc6 4.g3 g6 5.Bg2 Bg7 6.O-O O-O 7.a3 d5 8.cxd5 Nxd5
9.Nxd5 Qxd5 10.d3 Qd6 11.Rb1 c4 12.b4 cxd3 13.b5 dxe2 14.Qxe2 Nd4 15.Nxd4 Bxd4
16.Bh6 Rd8 17.Rbd1 e5 18.a4 Rb8 19.Rfe1 Be6 20.Bg5 Re8 21.Qf3 Bf5 22.Qe2 Qb4
23.Be3 Qxa4 24.h3 Be6 25.Bh6 Qb4 26.Kh2 Bc4 27.Rxd4  1/2-1/2

[Event "Geneve"]
[Site "Geneve"]
[Date "1977.??.??"]
[Round "4"]
[White "Byrne, Robert E"]
[Black "Torre, Eugenio"]
[Result "1/2-1/2"]
[WhiteElo "2580"]
[BlackElo "2550"]

1.e4 c5 2.Nf3 e6 3.d4 cxd4 4.Nxd4 a6 5.Bd3 g6 6.f4 Bg7 7.c3 d6 8.O-O Nd7
9.Be3 Ngf6 10.Nd2 Qc7 11.h3 O-O 12.Rc1 b5 13.c4 b4 14.N4b3 Bb7 15.c5 dxc5
16.Nxc5 Nxc5 17.Rxc5 Qd7 18.Bb1  1/2-1/2

[Event "Geneve"]
[Site "Geneve"]
[Date "1977.??.??"]
[Round "4"]
[White "Ivkov, Borislav"]
[Black "Sosonko, Gennadi"]
[Result "1/2-1/2"]
[WhiteElo "2510"]
[BlackElo "2530"]

1.d4 Nf6 2.c4 e6 3.Nf3 b6 4.g3 Bb7 5.Bg2 Be7 6.O-O O-O 7.Nc3 Ne4 8.Nxe4 Bxe4
9.Ne1 Bxg2 10.Nxg2 d5 11.Qa4 Qd7 12.Qxd7 Nxd7 13.cxd5 exd5 14.Bf4 c5 15.Ne3 Nf6
16.dxc5 Bxc5 17.Nf5  1/2-1/2

[Event "Geneve"]
[Site "Geneve"]
[Date "1977.??.??"]
[Round "4"]
[White "Liberzon, Vladimir M"]
[Black "Sigurjonsson, Gudmundur"]
[Result "1-0"]
[WhiteElo "2550"]
[BlackElo "2520"]

1.e4 g6 2.d4 Bg7 3.Nc3 d6 4.Nf3 Nf6 5.Be2 O-O 6.O-O Bg4 7.Be3 Nc6 8.d5 Bxf3
9.Bxf3 Ne5 10.Be2 c6 11.a4 Qa5 12.Ra3 Rfc8 13.Rb3 Rcb8 14.f3 Ned7 15.Kh1 Nc5
16.Ra3 cxd5 17.exd5 Qb4 18.Bc1 Rc8 19.Na2 Qh4 20.c4 a5 21.Re3 Nfd7 22.f4 f5
23.g3 Qf6 24.Nc3 Qd4 25.Qc2 Qf6 26.Bf3 Qf7 27.Rfe1 Re8 28.Nb5 Rac8 29.Bd2 b6
30.Na7 Rc7 31.Nb5 Rcc8 32.Bc3 Bxc3 33.Nxc3 Nf6 34.Qe2 Kf8 35.h3 h5 36.Kg2 Nb3
37.Qd1 Nc5 38.g4 hxg4 39.hxg4 fxg4 40.Bxg4 Nxg4 41.Qxg4 Qf5 42.Qh4 Nd3 43.Qh8+ Kf7
44.Qh7+ Kf8 45.Rxd3 Qxd3 46.Ne4 e6 47.Nxd6 Qd2+ 48.Kf3 Qd3+ 49.Kg4  1-0

[Event "Geneve"]
[Site "Geneve"]
[Date "1977.??.??"]
[Round "5"]
[White "Torre, Eugenio"]
[Black "Westerinen, Heikki MJ"]
[Result "1-0"]
[WhiteElo "2550"]
[BlackElo "2430"]

1.e4 e5 2.Nf3 Nc6 3.Bb5 a6 4.Ba4 Nf6 5.O-O Be7 6.Re1 b5 7.Bb3 d6 8.c3 O-O
9.h3 Nd7 10.a4 Bb7 11.Bc2 Bf6 12.d3 Ne7 13.Be3 c5 14.Na3 b4 15.cxb4 cxb4
16.Nc4 d5 17.Nd6 Bc6 18.Bd2 Qb8 19.exd5 Bxd5 20.Ne4 b3 21.Bb1 Nc6 22.Bc3 Bxe4
23.dxe4 Rd8 24.Qd5 Nd4 25.Nxd4 exd4 26.Ba5 Nb6 27.Qxb3 Nd7 28.Qd5 Qf4 29.g3 Qh6
30.Bxd8 Rxd8 31.e5 Qh5 32.g4 Qg5 33.Qe4 Bxe5 34.Qxh7+ Kf8 35.Qf5 Qxf5 36.Bxf5 f6
37.b4 Nb6 38.Bd3 Nd5 39.Reb1 Nf4 40.Ra3 Nxh3+ 41.Kf1 Nf4 42.Bxa6 Ke7 43.Bd3 Rh8
44.Be4 Rh2 45.Rbb3 Bd6 46.a5  1-0

[Event "Geneve"]
[Site "Geneve"]
[Date "1977.??.??"]
[Round "5"]
[White "Pachman, Ludek"]
[Black "Liberzon, Vladimir M"]
[Result "1/2-1/2"]
[WhiteElo "2485"]
[BlackElo "2550"]

1.d4 Nf6 2.c4 g6 3.Nc3 Bg7 4.e4 d6 5.f3 O-O 6.Be3 Nc6 7.Nge2 a6 8.Qd2 Rb8
9.h4 b5 10.Bh6 e5 11.Bxg7 Kxg7 12.O-O-O h5 13.dxe5 Nxe5 14.cxb5 axb5 15.Nf4 Bd7
16.Be2 Rh8 17.Kb1 Rb7 18.Ncd5 Be6 19.Nxe6+ fxe6 20.Ne3 Nf7 21.Rdg1 e5 22.Nd5 c6
23.Nxf6 Qxf6 24.g4 hxg4 25.Rxg4 Nh6 26.Rg2 Nf7 27.Rg4 Nh6 28.Rg2 Nf7  1/2-1/2

[Event "Geneve"]
[Site "Geneve"]
[Date "1977.??.??"]
[Round "5"]
[White "Sosonko, Gennadi"]
[Black "Andersson, Ulf"]
[Result "1/2-1/2"]
[WhiteElo "2530"]
[BlackElo "2565"]

1.d4 Nf6 2.c4 e6 3.Nf3 b6 4.g3 Bb7 5.Bg2 Be7 6.O-O O-O 7.Nc3 Ne4 8.Qc2 Nxc3
9.Qxc3 c5 10.Rd1 d6 11.Bf4 Qc8 12.dxc5 dxc5 13.Bd6 Nc6 14.Bxe7 Nxe7 15.Rd2 Qc7
16.Qe5 Qxe5 17.Nxe5 Bxg2 18.Kxg2 f6 19.Rd7  1/2-1/2

[Event "Geneve"]
[Site "Geneve"]
[Date "1977.??.??"]
[Round "6"]
[White "Olafsson, Fridrik"]
[Black "Sosonko, Gennadi"]
[Result "1/2-1/2"]
[WhiteElo "2560"]
[BlackElo "2530"]

1.d4 Nf6 2.c4 e6 3.Nf3 b6 4.a3 Bb7 5.Nc3 d5 6.cxd5 exd5 7.Bg5 Be7 8.e3 O-O
9.Be2 Nbd7 10.O-O c5 11.Rc1 Rc8 12.Ne5 Nxe5 13.dxe5 Ne4  1/2-1/2

[Event "Geneve"]
[Site "Geneve"]
[Date "1977.??.??"]
[Round "6"]
[White "Liberzon, Vladimir M"]
[Black "Torre, Eugenio"]
[Result "1-0"]
[WhiteElo "2550"]
[BlackElo "2550"]

1.e4 g6 2.d4 Bg7 3.Nc3 d6 4.Nf3 Nf6 5.Be2 O-O 6.O-O c6 7.h3 Nbd7 8.e5 Ne8
9.Bf4 dxe5 10.dxe5 Nc7 11.Re1 Ne6 12.Bg3 Qa5 13.Bf1 Nb6 14.a3 Na4 15.Nxa4 Qxa4
16.b3 Qa5 17.b4 Qb6 18.c3 a5 19.Nd2 Rd8 20.Nc4 Qa7 21.Qc1 a4 22.Ra2 Nc7 23.Bh4 Nd5
24.Na5 Re8 25.Bg5 Be6 26.c4 Nc7 27.Be3 Qb8 28.f4 Na6 29.Rb2 c5 30.bxc5 Nxc5
31.Bxc5 Rxa5 32.Qe3 Bh6 33.Bb6 Ra8 34.c5 Qc8 35.Rd2 Bd7 36.Bc4 Bc6 37.e6 f5
38.Rd7 Bg7 39.Red1 Kf8 40.Rc7 Qb8 41.Rdd7 Bf6 42.g4 fxg4 43.hxg4 Rc8 44.Rxe7 Bxe7
45.Qe5  1-0

[Event "Geneve"]
[Site "Geneve"]
[Date "1977.??.??"]
[Round "6"]
[White "Westerinen, Heikki MJ"]
[Black "Hug, Werner"]
[Result "1/2-1/2"]
[WhiteElo "2430"]
[BlackElo "2445"]

1.e4 e6 2.d4 d5 3.Nc3 Nc6 4.Nf3 Nf6 5.Bg5 Bb4 6.Bd3 dxe4 7.Bxe4 h6 8.Bxf6 Qxf6
9.O-O O-O 10.Qd3 Rd8 11.Rad1 Bd7  1/2-1/2

[Event "Geneve"]
[Site "Geneve"]
[Date "1977.??.??"]
[Round "6"]
[White "Andersson, Ulf"]
[Black "Timman, Jan H"]
[Result "1/2-1/2"]
[WhiteElo "2565"]
[BlackElo "2590"]

1.c4 e5 2.Nc3 Nf6 3.Nf3 Nc6 4.g3 Bc5 5.d3 h6 6.Bg2 d6 7.O-O a6 8.b3 O-O 9.Bb2 Rb8
10.Qd2 Bd7 11.Nd5 Re8 12.e3  1/2-1/2

[Event "Geneve"]
[Site "Geneve"]
[Date "1977.??.??"]
[Round "6"]
[White "Larsen, Bent"]
[Black "Ivkov, Borislav"]
[Result "1/2-1/2"]
[WhiteElo "2615"]
[BlackElo "2510"]

1.e4 e5 2.Nf3 Nc6 3.Bc4 Bc5 4.Nc3 Nf6 5.d3 d6 6.Bg5 h6 7.Bxf6 Qxf6 8.Nd5 Qd8
9.c3 Ne7 10.Ne3 c6 11.O-O O-O 12.d4 exd4 13.cxd4 Bb6 14.Qb3 Ng6 15.Rae1 Nh4
16.Nxh4 Qxh4 17.Qd3 Qf4 18.Bb3 d5 19.exd5 Qxd4 20.Qb1 Bd7 21.Rd1 Qf6 22.dxc6 Bxc6
23.Nd5 Qg5 24.Rd3 Rad8 25.Rg3 Rxd5 26.Rxg5 Rxg5 27.g3 Rd8 28.Rd1 Rxd1+ 29.Bxd1 Rd5
30.Bf3 Rd2 31.Bxc6 Rxf2 32.Kh1 bxc6 33.a4 g5 34.Qe1 Bd4 35.b4 c5 36.bxc5 Bxc5
37.Qe8+ Kh7 38.Qb5 Bf8 39.Qd3+ Kg8 40.Qd4 Rc2 41.Qxa7 Bc5 42.Qc7 Kg7 43.h3 Rc1+
44.Kg2 Rg1+ 45.Kf3 Rf1+ 46.Kg4 Kg6 47.Qc6+ Rf6 48.Qe4+ Kg7 49.Qc4 Bb6 50.Qc3 Kg6
51.Qc2+ Kg7 52.Qb2 Kg6 53.h4 gxh4 54.Kxh4 Re6 55.Qh8 Re4+ 56.g4 Rxa4 57.Qg8+ Kf6
58.Kh5 Ra5+ 59.Kxh6 Be3+ 60.Kh7 Rg5 61.Qe8 Bc5 62.Qc6+ Ke7 63.Qc7+ Ke6 64.Qd8 Be7
65.Qc8+ Kd6 66.Qa6+ Kd7 67.Qa4+ Kd8 68.Qc4 Ke8 69.Qe4 Rg6 70.Qf5 Bf6 71.Qe4+  1/2-1/2

[Event "Geneve"]
[Site "Geneve"]
[Date "1977.??.??"]
[Round "7"]
[White "Hug, Werner"]
[Black "Liberzon, Vladimir M"]
[Result "1-0"]
[WhiteElo "2445"]
[BlackElo "2550"]

1.e4 c5 2.Nf3 e6 3.Nc3 a6 4.g3 b5 5.Bg2 Bb7 6.d3 d6 7.O-O Nd7 8.Nd2 Be7 9.f4 Nb6
10.Qe2 Qd7 11.Nf3 Nf6 12.Bd2 Qc7 13.h3 b4 14.Nd1 d5 15.e5 Nh5 16.Be1 g6 17.Ne3 d4
18.Nc4 Nxc4 19.dxc4 O-O 20.Nd2 Bxg2 21.Qxg2 f5 22.exf6 Nxf6 23.Ne4 Rab8 24.b3 Qb7
25.Nf2 Bd6 26.Qxb7 Rxb7 27.a3 a5 28.axb4 axb4 29.Ra6 Rd8 30.Bd2 Kf7 31.Rfa1 Rdd7
32.Kg2 Bb8 33.Kf3 Re7 34.Nd3 Nd7 35.R1a5 Rc7 36.Ra8 Re8 37.g4 h6 38.Rb5 Ba7
39.Rxe8 Kxe8 40.Ra5 Kf7 41.Ra6 Nb8 42.Ne5+ Kf6 43.Ra1 Kg7 44.Ke4 Bb6 45.f5 exf5+
46.gxf5 Re7 47.Kd5 gxf5 48.Rg1+ Kh7 49.Rf1 Re8 50.Rxf5 Rd8+ 51.Ke6 Kg8 52.Bxh6 Re8+
53.Kd6 Rd8+ 54.Ke7 Bc7 55.Bf4 Rc8 56.Rg5+ Kh7 57.Kf7  1-0

[Event "Geneve"]
[Site "Geneve"]
[Date "1977.??.??"]
[Round "7"]
[White "Torre, Eugenio"]
[Black "Sigurjonsson, Gudmundur"]
[Result "1-0"]
[WhiteElo "2550"]
[BlackElo "2520"]

1.e4 c5 2.Nf3 d6 3.d4 cxd4 4.Nxd4 Nf6 5.Nc3 a6 6.Bg5 e6 7.f4 b5 8.e5 dxe5
9.fxe5 Qc7 10.Qe2 Nfd7 11.O-O-O Bb7 12.Qg4 Qxe5 13.Be2 Nf6 14.Bxf6 gxf6 15.Rhe1 h5
16.Qh3 Nd7 17.Bxb5 Qf4+ 18.Kb1 O-O-O 19.Bc6 f5 20.Bxb7+ Kxb7 21.g3 Qc7 22.Qg2+ Kb6
23.Na4+  1-0

[Event "Geneve"]
[Site "Geneve"]
[Date "1977.??.??"]
[Round "7"]
[White "Timman, Jan H"]
[Black "Olafsson, Fridrik"]
[Result "1/2-1/2"]
[WhiteElo "2590"]
[BlackElo "2560"]

1.c4 c5 2.Nf3 Nf6 3.Nc3 e6 4.g3 b6 5.e4 Bb7 6.d3 Be7 7.Bh3 O-O 8.O-O Nc6
9.Rb1 d6 10.a3 Nd7 11.b4 Bf6 12.Bd2 g6 13.Bg2 Nde5 14.Ne1 Nd4 15.f4 Nd7 16.Nc2 Bg7
17.bxc5 Nxc5 18.Be3 Nxc2 19.Qxc2 f5 20.a4 Rc8 21.a5 Ba8 22.Nb5 Qd7 23.axb6 axb6
24.Rfd1 Bc6 25.Rd2 Ra8 26.Re2 Ra6 27.exf5 gxf5 28.Bxc6 Qxc6 29.Bd4 Bxd4+
30.Nxd4 Qd7 31.Nb5 Rfa8 32.Qc3 Ra2 33.Rbe1 Qc6 34.Qf6 Rxe2 35.Rxe2 Qf3 36.Nxd6 Qxe2
37.Qg5+ Kf8 38.Qf6+ Kg8 39.Qf7+  1/2-1/2

[Event "Geneve"]
[Site "Geneve"]
[Date "1977.??.??"]
[Round "7"]
[White "Sosonko, Gennadi"]
[Black "Byrne, Robert E"]
[Result "1/2-1/2"]
[WhiteElo "2530"]
[BlackElo "2580"]

1.d4 Nf6 2.c4 e6 3.g3 d5 4.Bg2 Be7 5.Nf3 O-O 6.O-O dxc4 7.Qc2 a6 8.Qxc4 b5
9.Qc2 Bb7 10.Bd2 Nbd7 11.Ba5 Rc8 12.a4 bxa4 13.Nc3 Qe8 14.Qxa4 c5 15.Rfd1 Bc6
16.Qa2 cxd4 17.Nxd4 Bxg2 18.Kxg2 Ne5 19.Na4 Nc6  1/2-1/2

[Event "Geneve"]
[Site "Geneve"]
[Date "1977.??.??"]
[Round "7"]
[White "Ivkov, Borislav"]
[Black "Andersson, Ulf"]
[Result "1/2-1/2"]
[WhiteElo "2510"]
[BlackElo "2565"]

1.d4 Nf6 2.c4 g6 3.Nc3 Bg7 4.e4 d6 5.f3 O-O 6.Be3 a6 7.Qd2 Nbd7 8.O-O-O b5
9.cxb5 axb5 10.Bxb5 Ba6 11.e5 Nd5 12.Nxd5 Bxb5 13.Nc3 Qb8 14.Bh6  1/2-1/2

[Event "Geneve"]
[Site "Geneve"]
[Date "1977.??.??"]
[Round "7"]
[White "Pachman, Ludek"]
[Black "Larsen, Bent"]
[Result "1-0"]
[WhiteElo "2485"]
[BlackElo "2615"]

1.d4 Nf6 2.c4 c5 3.d5 e5 4.Nc3 d6 5.e4 g6 6.Bd3 Bg7 7.Nge2 a6 8.f3 Nbd7 9.Be3 Nh5
10.Qd2 O-O 11.O-O-O Qa5 12.h4 b5 13.cxb5 Nf4 14.Nxf4 exf4 15.Bxf4 Ne5 16.b6 Rb8
17.h5 Re8 18.hxg6 fxg6 19.Bxe5 Rxe5 20.f4 Re7 21.e5 Rxb6 22.Rde1 c4 23.exd6 Rxe1+
24.Rxe1 Rxb2 25.Re8+ Kf7 26.Re7+ Kf8 27.Qxb2 Bxc3 28.Qb8 Qc5 29.Be2 Ba5 30.d7 Kxe7
31.dxc8=N+ Ke8 32.Nd6+ Ke7 33.Nxc4 Qf2 34.Qe5+ Kf8 35.Nxa5 Qe1+ 36.Bd1 Qxa5
37.Bb3 Qc5+ 38.Kd2 Qf2+ 39.Kd3 Qf1+ 40.Qe2 Qb1+ 41.Kc3  1-0

[Event "Geneve"]
[Site "Geneve"]
[Date "1977.??.??"]
[Round "7"]
[White "Dzindzichashvili, Roman"]
[Black "Westerinen, Heikki MJ"]
[Result "1/2-1/2"]
[WhiteElo "2535"]
[BlackElo "2430"]

1.d4 Nf6 2.c4 g6 3.Nc3 Bg7 4.e4 d6 5.Be2 O-O 6.Bg5 c5 7.dxc5 Qa5 8.Bd2 Qxc5
9.Nf3 Bg4 10.O-O Nbd7 11.b4 Qc7 12.Rc1 Rac8 13.h3 Bxf3 14.Bxf3 Ne5 15.Be2 Qd7
16.Qb3 Qe6 17.c5 dxc5 18.Qxe6 fxe6 19.bxc5 Rxc5 20.Be3 Rc7 21.Nb5 Rxc1 22.Rxc1 Nxe4
23.Rc7 Nc6 24.Rxb7 a6 25.Nc7 Nd4 26.Bxa6 Nc5 27.Rb4 Nxa6 28.Nxa6 Ne2+ 29.Kh1 Nc3
30.a4 Ra8 31.Nc5 Be5 32.Rc4 Kf7 33.Bd2 Rd8 34.f4 Rxd2 35.fxe5 Nd5 36.Rc1 Re2
37.a5 Ra2 38.Nb7 Ke8 39.Rd1 h5 40.h4 Kd7 41.Nc5+ Kc6 42.Rc1 Kb5 43.Nxe6 Ne3
44.Nf4 Rf2 45.Nxg6 Rxg2 46.Nxe7 Rg4 47.Ra1 Rxh4+ 48.Kg1 Nc2 49.Rb1+ Rb4 50.Rd1 Rd4
51.Rb1+ Rb4 52.Rd1 Rd4 53.Rc1 Rg4+ 54.Kf2 Rf4+ 55.Kg3 Rg4+ 56.Kf2 Rf4+ 57.Kg3 Rg4+
58.Kf3 Nd4+ 59.Ke3 h4 60.Nd5 Kxa5  1/2-1/2